| 000 | 00809nam a22001457a 4500 | ||
|---|---|---|---|
| 003 | OSt | ||
| 005 | 20150922134329.0 | ||
| 008 | 150922b xxu||||| |||| 00| 0 eng d | ||
| 040 | _cRUA | ||
| 082 | _aAGR OUN 2007 B035 Or.1 | ||
| 100 |
_91101 _aOUN SOPEAK |
||
| 245 | _aEffect of chacoal and different fertilizers on sen pidor in dry season in experriment station of royal university of agriculture,(ប្រសិទ្ធភាពធ្យូងអង្កាម និង ប្រភេទជីផ្សេងៗលើដំណាំស្រូវសែនពិដោរនៅរដូវប្រាំងនៅស្ថានីយ៍ពិសោធន៍ នៃសាកលវិទ្យាល័យភូមិន្ទកសិកម្ម) | ||
| 300 |
_axiv,40p. _cill. _g29cm. |
||
| 942 |
_2ddc _cAGR |
||
| 999 |
_c1056 _d1056 |
||